000 00596nam a22002057a 4500
003 OSt
005 20251024020721.0
008 251014b |||||||| |||| 00| 0 eng d
020 _a0-321-26984-5.
040 _aDWCL-Main lib
_cOC
082 _aCirc. 570 C189b 2005
100 _aCampbell, Neil B.
245 _aBiology
260 _aSan Francisco :
_bPearson/Benjamin Cummings,
_cc2005.
300 _axl, 1231 p.ages:
_bcolored illustration ;
_c27 cm. + 1 CD-ROM.
504 _aIncludes index.
650 _21. Biology.
700 _aReece, Jane B.
942 _2ddc
_cBK-CIRC
_e7th ed.
_kCirc.
_n0
999 _c4896
_d4896